| 000 | 01041nam a22003017a 4500 | ||
|---|---|---|---|
| 001 | 7177 | ||
| 003 | FISKH | ||
| 005 | 20250701140515.0 | ||
| 008 | 250701b cb ||||| |||| 00| 0 eng d | ||
| 020 | _a9780439406482 | ||
| 040 |
_aDLC _cDLC _dDLC _beng |
||
| 050 | _aPZ7.C59118 S | ||
| 082 | _a813.54 | ||
| 100 | 1 |
_aClements, Andrew, _d(1949-2019) |
|
| 245 | 1 | 4 |
_aThe school story / _cAndrew Clements ; Illustrated by Brian Selznick. |
| 250 | _aThis edition first published in 2002 | ||
| 260 |
_aNew York : _bScholastic, _c2001. |
||
| 300 |
_a196 pages : _billustrations ; _c22 cm. |
||
| 505 | _aR | ||
| 520 | _aAfter twelve-year-old Natalie writes a wonderful novel, her friend Zoe helps her devise a scheme to get it accepted at the publishing house where Natalie's mother works as an editor. | ||
| 521 | 8 |
_a760
_bLexile |
|
| 521 | 8 |
_aR
_bRaz-Plus |
|
| 650 | 1 |
_aAuthorship _vFiction. |
|
| 650 | 1 |
_aPublishers and publishing _vFiction. |
|
| 700 | 1 |
_aSelznick, Brian, _eillustrator |
|
| 942 |
_2ddc _cBK _n0 |
||
| 999 |
_c7177 _d7177 |
||